| 000 | 01468nam0a22003011 4500 | ||
|---|---|---|---|
| 001 | rc\4350255 | ||
| 005 | 20130416135540.1 | ||
| 021 |
_aRU _b[57-41591] |
||
| 035 | _a(NLR Aleph) 008529185 | ||
| 090 |
_a8277082 _c8277082 |
||
| 100 | _a20130416d1957 |||y0rusy50 ca | ||
| 101 | 0 | _arus | |
| 102 | _aRU | ||
| 105 | _aa z ||||| | ||
| 200 | 1 |
_aПанельные тепляки _eПредложение К.С. Самарского (Проектно-конструкторское бюро треста "Монтажхимзащита") _fМ-во строительства предприятий металлург. и хим. пром-сти СССР. Техн. упр. Отд. изобретательства, рационализации и техн. информации |
|
| 210 |
_aМосква _cЦБТИ _d1957 |
||
| 215 |
_a8 с. _cчерт. _d22 |
||
| 225 | 1 |
_aРекомендательные изобретения и технические усовершенствования _vРИ 671 |
|
| 300 | _aСост. указан в конце текста: инж. Л.Э. Гульбе | ||
| 606 |
_aТепляки _2psbo |
||
| 606 |
_aХимическая аппаратура _xЗащита от коррозии _2psbo |
||
| 700 | 1 |
_aГульбе _bЛ. Э. _gЛев Эмильевич _4220 |
|
| 702 | 1 |
_aСамарский _bК. С. _4570 |
|
| 801 | 0 |
_aRU _bNLR _gpsbo |
|
| 801 | 1 |
_aRU _bELAR _2rusmarc |
|
| 852 |
_aNLR _jПт 80/4-671 |
||
| 942 | _cBOOK | ||
| 980 | _aNB | ||